[Event "Mashhad Ferdowsi op 6th"]
[Site "Mashhad"]
[Date "2016.02.03"]
[Round "7"]
[White "Gabuzyan, Hovhannes"]
[Black "Abedi, Abolfazi"]
[Result "1-0"]
[WhiteElo "2585"]
[BlackElo "2085"]
[PlyCount "107"]
[EventDate "2016.01.29"]
[EventType "swiss"]
[EventRounds "9"]
[EventCountry "IRI"]
[SourceTitle "CBM 170 Extra"]
[Source "ChessBase"]
[SourceDate "2016.02.25"]
[SourceVersion "1"]
[SourceVersionDate "2016.02.25"]
[SourceQuality "1"]

1. e4 c5 2. Nf3 Nc6 3. Bb5 g6 4. Bxc6 dxc6 5. d3 Bg7 6. Nc3 e5 7. Be3 b6 8. Qd2 Bg4 9. 0-0-0 Qd6 10. h3 Bd7 11. Kb1 0-0-0 12. g4 h5 13. g5 Be6 14. Qe2 Ne7 15. Nd2 Rhf8 16. h4 Qc7 17. Rdf1 Kb7 18. f4 exf4 19. Bxf4 Qd7 20. Nd1 Nc8 21. Qh2 Rfe8 22. Nf3 Bg4 23. Ne5 Bxe5 24. Bxe5 Be6 25. Ne3 b5 26. Bf6 Ne7 27. Qe5 Qd6 28. Qxd6 Rxd6 29. b3 Nc8 30. Ng2 c4 31. Nf4 Bg4 32. Rf2 Rd7 33. Bc3 Kb6 34. b4 Nd6 35. Bd4+ Ka6 36. Be3 Nb7 37. Kb2 Nd8 38. a4 Kb7 39. Ra1 a6 40. axb5 cxb5 41. Bc5 Nc6 42. Nd5 cxd3 43. cxd3 Ne5 44. Kc3 Be6 45. Nf4 Bg4 46. Rfa2 Ra8 47. d4 Nf3 48. d5 Rdd8 49. Nd3 Re8 50. Be3 Bc8 51. Rf2 Bg4 52. Raf1 Rac8+ 53. Nc5+ Rxc5+ 54. Bxc5 1-0

[Event "Fajr op 16th"]
[Site "Urmia"]
[Date "2008.02.07"]
[Round "9"]
[White "Soozankar, Amir Mohammad"]
[Black "Abedi, Abolfazi"]
[Result "1/2-1/2"]
[WhiteElo "2253"]
[BlackElo "2161"]
[PlyCount "78"]
[EventDate "2008.02.03"]
[EventType "swiss"]
[EventRounds "11"]
[EventCountry "IRI"]
[SourceTitle "CBM 122 Extra"]
[Source "ChessBase"]
[SourceDate "2008.03.04"]
[SourceVersion "1"]
[SourceVersionDate "2008.03.04"]
[SourceQuality "1"]

1. Nf3 d5 2. g3 Nf6 3. Bg2 g6 4. b3 Bg7 5. Bb2 0-0 6. 0-0 c5 7. c4 Nc6 8. cxd5 Nxd5 9. Bxg7 Kxg7 10. Qc1 b6 11. Qb2+ Kg8 12. d4 cxd4 13. Nxd4 Nxd4 14. Qxd4 Bb7 15. Rd1 e6 16. Nc3 Nxc3 17. Qxc3 Qe7 18. Bxb7 Qxb7 19. Qf6 Rfe8 20. Rd6 Qe7 21. Qxe7 Rxe7 22. Rc1 Kf8 23. Rc4 Ke8 24. Rh4 f5 25. g4 Rc8 26. gxf5 exf5 27. e3 Rc1+ 28. Kg2 Rc2 29. Ra4 Kf7 30. Kg3 Rec7 31. Rd8 Rb2 32. Ra8 a5 33. Rb8 Rcc2 34. Rb7+ Kf6 35. Rxb6+ Kg5 36. h4+ Kh5 37. Rb7 h6 38. Rf4 Rc3 39. Ra4 Rcc2 1/2-1/2

[Event "Fajr op 16th"]
[Site "Urmia"]
[Date "2008.02.04"]
[Round "3"]
[White "Quparadze, Giga"]
[Black "Abedi, Abolfazi"]
[Result "1-0"]
[WhiteElo "2407"]
[BlackElo "2161"]
[PlyCount "51"]
[EventDate "2008.02.03"]
[EventType "swiss"]
[EventRounds "11"]
[EventCountry "IRI"]
[SourceTitle "CBM 122 Extra"]
[Source "ChessBase"]
[SourceDate "2008.03.04"]
[SourceVersion "1"]
[SourceVersionDate "2008.03.04"]
[SourceQuality "1"]

1. e4 c5 2. Nf3 e6 3. d4 cxd4 4. Nxd4 a6 5. Nc3 Qc7 6. Be2 Nf6 7. 0-0 d6 8. Be3 Be7 9. f4 Nbd7 10. Kh1 b5 11. Bf3 Bb7 12. a3 0-0 13. Nde2 Nc5 14. Ng3 Rad8 15. Qe2 d5 16. e5 d4 17. Bxb7 Qxb7 18. exf6 Bxf6 19. Nce4 dxe3 20. Nxf6+ gxf6 21. Nh5 f5 22. Qxe3 Kh8 23. Nf6 Qe7 24. Qe5 Qd6 25. Qe1 Kg7 26. Qg3+ 1-0